Declaración del milenio: resolución aprobada por la Asamblea General de la ONU el 8 de setiembre del año 2000 (Primera parte)

שמור ב:
מידע ביבליוגרפי
פורמט: Texto
נושאים:
תגים: הוספת תג
אין תגיות, היה/י הראשונ/ה לתייג את הרשומה!

MARC

LEADER 00000 a a2200000 04500
001 6405
003
040
245 |a Declaración del milenio: resolución aprobada por la Asamblea General de la ONU el 8 de setiembre del año 2000 (Primera parte)  
650 |a DOCUMENTOS DE REUNION  
650 |a POBREZA  
650 |a DERECHOS HUMANOS  
650 |a DESARROLLO SOCIAL  
773 |g volumen 21, número 926; páginas 12-16  
999 |c 20350  |d 20350